Normal view
MARC view
Entry Personal Name
001 - CONTROL NUMBER
- control field: 782761
003 - CONTROL NUMBER IDENTIFIER
- control field: OSt
005 - DATE AND TIME OF LATEST TRANSACTION
- control field: 20250508170025.0
008 - FIXED-LENGTH DATA ELEMENTS
- fixed length control field: 250508|| aca||aabn | a|a d
040 ## - CATALOGING SOURCE
- Original cataloging agency: OSt
- Transcribing agency: OSt
100 ## - HEADING--PERSONAL NAME
- Personal name: Kise Jane A G
670 ## - SOURCE DATA FOUND
- Source citation: Work cat.: (OSt)1398739: Kise Jane A G, Unleashing the positive power of difference: Polarity thinking in our schools, 2014
